• 首页
  • 本馆介绍
  • 公告通知
  • 最新文献
  • 馆藏检索
  • 电子资源
  • 读者导购
  • 参考咨询
  • 我的图书馆
  • 登录
  • 详细信息显示
  • 放入我的书架
  • 预约/预借图书
  • 作者相关作品
  • 分类相关作品
  • 丛书相关作品
  • 出版社相关作品

书目信息

  • 表格格式
  • 工作单格式
  • 卡片格式
题名:
二十世纪的生命科学
    
 
作者: 艾伦 著 ;谭茜 译
分册:  
出版信息: 北京   北京师范大学出版社  1985
页数: 366页
开本: 19cm
丛书名:
单 册:
中图分类: Q-09
科图分类:
主题词: 生物学史
电子资源:
ISBN:
000 00691nam0 2200241 45
001 0185015639
005 20051202094119.53
010    @dCNY2.30
091    @a13243.69
100    @a19951110d1985 em y0chiy0121 ea
101 1  @achi@ceng
102    @aCN@b110000
105    @ay z 000yy
200 10 @a二十世纪的生命科学@Aer shi shi ji di sheng ming ke xue@f(美)G·E·艾伦著@F(mei)G·E·ai lun zhu@g谭茜等译
210    @a北京@c北京师范大学出版社@d1985
215    @a366页@d19cm
606    @a生物学史
690    @aQ-09@v3
701  0 @a艾伦@Aai lun@4著
702  0 @a谭茜@4译@Atan qian
801  0 @aCN@b深圳图书馆@c20051202
801  2 @aCN@bNLC@c20051125
905    @f2@b141420-421@dQ-09@e9
    
    二十世纪的生命科学/(美)G·E·艾伦著/谭茜等译.-北京:北京师范大学出版社,1985
    366页;19cm
    
    
    ISBN :CNY2.30
    
●
相关链接 在E读中查询图书 在五车中查询图书 在当当中查询图书 在豆瓣中查询图书


正题名:二十世纪的生命科学     索取号:Q-09/9         预约/预借

序号 登录号 条形码 馆藏地/架位号 状态 备注
1 0141419   202149040   密集书库/ [索取号:Q-09/9] 在馆    
2 0141420   000075117   密集书库/ [索取号:Q-09/9] 在馆    
3 0141421   000075126   第三借阅区/ [索取号:Q-09/9] 在馆    
4 0141422   202161070   密集书库/ [索取号:Q-09/9] 在馆    
5 0141423   202106764   第二样本阅览室/ [索取号:Q-09/9] 在馆    
唐山师范学院图书馆 欢迎您!
大连网信软件有限公司© 版权所有